| 000 | 00781nam a2200229 a 4500 | ||
|---|---|---|---|
| 005 | 20240919064551.0 | ||
| 008 | 991125s1998 mx 000 0 spa u | ||
| 020 | _a9682324025 (10 dígitos) | ||
| 020 | _a9789682324024 (13 dígitos) | ||
| 035 | _aUPN01000142602 | ||
| 049 | _aCG | ||
| 050 | 4 |
_aGF50 _bL4.7 2000 |
|
| 100 | 1 |
_aLeff, Enrique _928977 |
|
| 245 | 1 | 0 |
_aSaber ambiental : _bsustentabilidad, racionalidad, complejidad, poder / _cEnrique Leff. |
| 260 |
_aMéxico : _bSiglo XXI : _bUNAM, Centro de Investigaciones Interdisciplinarias en Ciencias y Humanidades, _c1998. |
||
| 300 | _a414 p. | ||
| 440 | 0 | _aAmbiente y democracia | |
| 650 | 2 |
_aEcología humana _97042 |
|
| 650 | 4 |
_aDesarrollo sustentable _94974 |
|
| 650 | 4 |
_aEducación ambiental _94338 |
|
| 905 | _aLibro | ||
| 999 |
_c114749 _d114749 |
||